| 000 | 00923nam a22002897a 4500 | ||
|---|---|---|---|
| 005 | 20260310113011.0 | ||
| 008 | 260310b |||||||| |||| 00| 0 eng d | ||
| 020 | _a9789370631038 | ||
| 037 | _cTB | ||
| 040 |
_aLCT _cLCT |
||
| 041 |
_2eng _aeng _heng |
||
| 084 | _aX8(A):9:(Z) Q8;R6 | ||
| 100 |
_aSrivastava, S C _91131495 |
||
| 245 | _aIndustrial Relations and Labour Laws/ | ||
| 250 | _a9th ed. | ||
| 260 |
_aNoida, Uttar Pradesh: Vikas Publishing House, _bVikas Publishing House, _c2026 |
||
| 300 | _axlix, 797p. | ||
| 365 |
_b825 _cINR |
||
| 650 |
_aLabour Law _9809132 |
||
| 650 |
_aIndustrial Law _9809133 |
||
| 650 |
_aBonus Act _9809134 |
||
| 650 |
_a Labour codes and industrial jurisprudence _9809183 |
||
| 650 |
_aLabour legislation _9809184 |
||
| 650 |
_aTrade Union _9809135 |
||
| 650 |
_aStrikes and Lockouts _9780771 |
||
| 942 |
_2CC _cTB _hX8(A):9:(Z) Q8;R6 _n0 |
||
| 999 |
_c1715022 _d1715022 |
||